Дело по прошениям фигуранта Ильинского и танцовщика Иванова о разрешении им устройства балов для их учеников

Доступно только в Электронных читальных залах Найти на картеНа карте
RUSMARC
00004196nmc2a22000003x 450
0014f70081e-f3e1-4112-a03a-ed65607273e5
00520181225224337.0
100##$a20170627l18461847k l0rusy0189 ca
1010#$arus
102##$aRU
2001#$aДело по прошениям фигуранта Ильинского и танцовщика Иванова о разрешении им устройства балов для их учеников
$j10 декабря 1846 г. - 6 января 1847 г.
251##$cДело
300##$aПо Московской дирекции за 1846 год
300##$aОриг. заголовок дела: Дело по прошению фигуранта Ильинского и танцовщика Иванова о дозволении им давать балы в купеческом собрании для учеников и учениц его. 10 декабря 1846 г. - 6 января 1847 г
801#0$aRU
$bРГИА
$c20170627
$gRCR
801#1$aRU
$bГлавНИВЦ
$c20170627
$2rusmarc
801#2$aRU
$bПБ им. Б.Н. Ельцина
$c20181225
$gRCR
$2rusmarc
850##$aРГИА
852##$aРГИА
$eФедеральное казенное учреждение "Российский государственный исторический архив" (РГИА)
$j11019
937##$hРГИА
$d12244994
$aASBIBLIO_SCAN
462#0$1001dd3991dc-24e1-42ec-8838-ca4255420416
$12001
$a1746-1850 гг.
$1251
$cОпись
$1852
$j1
461#0$10019264ebf8-de62-4f1a-9eb4-9f22098dbbd5
$12001
$aДирекция императорских театров МИДв
$1251
$cФонд
$1852
$j497
215##$a7 л.
$d36,5х26 см
371##$aДокумент не является опубликованным и широко распространяемым
105##$ay###
1222#$ad
5171#$aДело по прошению фигуранта Ильинского и танцовщика Иванова о дозволении им давать балы в купеческом собрании для учеников и учениц его. 10 декабря 1846 г. - 6 января 1847 г
035##$a4f70081e-f3e1-4112-a03a-ed65607273e5
856##$uhttp://readingroom.main.prlib.ru/item.aspx?id_node=n122382589&mode=full
Формат отображения